| 000 | 01522cam a2200241 4500 | ||
|---|---|---|---|
| 001 | ABS64289 | ||
| 008 | 010803n2001 000 0 eng u | ||
| 035 | _a(Sirsi) u113939 | ||
| 245 | _aIbrahim v Dovecorn Reversions Ltd and others | ||
| 260 | _c2001 | ||
| 490 |
_aEstates Gazette Law Reports _v[2001] 30 EG 116-123(8) |
||
| 520 | _aChD 9 March 2001. I was the lessee of flat 8, a second floor flat owned by the landlord D. Directly above the flat were flats 9 and 10. Part of the interior of flat 8 lay underneath the roof terrace serving 9 and 10. For several years water percolated from the terrace into flat 8 below. In July 1998 I brought proceedings against D. D contended that the water penetration was caused by defects in the roof terraces serving 9 and 10 and denied liability. The claimant I then amended his claim and joined the second and third defendants. The judge decided the whole of the roof terrace was part of the main structure of the building and so the repairing obligation fell on D. D was ordered to pay the costs to I and the defendants, under the Landlord and Tenant Act 1985 s20C. D appealed. "Held" subject to a small qualification, the appeal was dismissed. | ||
| 590 | _aABS | ||
| 650 | _aIBRAHIM V DOVECORN REVERSIONS LTD | ||
| 650 | _aREPAIRS | ||
| 650 | _aREPAIRING LIABILITY | ||
| 650 | _aLANDLORD AND TENANT ACT 1985 S20C | ||
| 650 | _aCOSTS | ||
| 650 | _aROOF TERRACE | ||
| 650 | _aFLATS | ||
| 690 | _aLANDLORD AND TENANT-RESIDENTIAL TENANCIES-CASE LAW | ||
| 942 | _n0 | ||
| 999 |
_c67893 _d67893 |
||